Reglas oficiales béisbol

Đã lưu trong:
Chi tiết về thư mục
Định dạng: Sách
Ngôn ngữ:Tiếng Tây Ban Nha
Được phát hành: Ciudad de México Deportemas 1960
Những chủ đề:
Các nhãn: Thêm thẻ
Không có thẻ, Là người đầu tiên thẻ bản ghi này!

MARC

LEADER 00000nam a2200000 a 4500
001 UCY9437
003 CL-VaPUC
008 950717e19600000MX |||||||||||||||||spa|d
082 0 4 |a 796.357  |b REG  |2 21 
245 1 0 |a Reglas oficiales béisbol 
300 |a 96 p 
942 |c BK 
945 |d 19950717 00:00:00  |a mfernand 
260 |a Ciudad de México  |b Deportemas  |c 1960 
650 7 |a BEISBOL  |2 CL-VaPUC  |9 311172 
650 7 |a REGLAMENTOS  |2 CL-VaPUC  |9 259254 
583 |a last modification  |c 19950717 00:00:00  |k Rodrigo Vera 
999 |c 236530  |d 236528 
952 |0 0  |1 0  |4 0  |6 796_357000000000000_REG_1960  |7 0  |8 A  |9 244669  |a BIBEDU  |b BIBEDU  |d 2019-11-18  |i 1533975  |o 796.357 REG 1960  |p 1533975  |r 2019-11-18  |w 2019-11-18  |y BK  |k EDU